000 00642nam a22001937a 4500
005 20251108170858.0
008 250721s9999 xx 000 0 ara d
082 1 4 _a211.913343/محم
100 1 _aالجبالي، أبو محمد
245 1 0 _aالإصابة بالعين و علاجها و التخلص من السحر و الشيطان /
264 _bدار اليوسف للطباعة و النشر و التوزيع،
_c[19-].
300 _a143ص
650 1 7 _aالقرآن الكريم
650 1 7 _aالسحر
650 1 7 _aالإسلام
700 1 _aعلامة، سعد الدين
942 _2ddc
_cBK
999 _c51167
_d51167